| 000 | 01791cam a2200397 a 4500 | ||
|---|---|---|---|
| 001 | EDZ0000117394 | ||
| 003 | StDuBDS | ||
| 005 | 20161031105203.0 | ||
| 006 | m||||||||d|||||||| | ||
| 007 | cr ||||||||||| | ||
| 008 | 130111s2008 caua fo| 000|0|eng|d | ||
| 020 |
_a9781446263464 (ebook) : _cNo price |
||
| 040 |
_aStDuBDS _beng _cStDuBDS _epn |
||
| 049 | _aAlfaisal Main Library | ||
| 050 | 0 |
_aHM741 _b.S623 2008 |
|
| 082 | 0 | 4 |
_a302.3072 _223 |
| 245 | 0 | 0 |
_aSocial network analysis _h[electronic resource] / _cedited by Linton C. Freeman. |
| 260 |
_aLos Angeles, [Calif.] ; _aLondon : _bSAGE, _c2008. |
||
| 300 |
_a1 online resource (4 v.) : _bill. |
||
| 490 | 1 | _aSAGE benchmarks in social research methods | |
| 505 | 0 | _av. 1. Data, mathematical models and graphics -- v. 2. The structure of social groups -- v. 3. The structure of social positions -- v. 4. Antecedents and consequences of network structure. | |
| 520 | 8 | _aSocial network analysis is a crucial method in the understanding of human behaviour. This four-volume set is brought together by Linton Freeman, founder and editor of the key journal in the field, 'Social Networks'. | |
| 521 | _aSpecialized. | ||
| 588 | _aDescription based on print version record. | ||
| 504 | _aIncludes bibliographical references. | ||
| 650 | 0 |
_aSocial sciences _xNetwork analysis. |
|
| 650 | 0 |
_aSocial networks _xResearch _xMethodology. |
|
| 650 | 0 |
_aSocial networks _xMathematical models. |
|
| 655 | 7 |
_aElectronic books. _2local |
|
| 700 | 1 | _aFreeman, Linton C. | |
| 710 | 2 | _aSage eBooks | |
| 776 | 0 | 8 |
_iPrint version : _z9781412934060 |
| 830 | 0 | _aSAGE benchmarks in social research methods. | |
| 856 | 4 | 0 | _uhttp://ezproxy.alfaisal.edu/login?url=http://sk.sagepub.com/navigator/social-networks-analysis |
| 942 |
_2lcc _cEBOOKS |
||
| 999 |
_c481236 _d481236 |
||